000 00879nam a22002777a 4500
999 _c339200
_d339200
001 53109
003 UA-OsUOA
005 20230504161251.0
007 ta
008 20080318b un ||||| |||| 00| 0 ukr d
020 _a9663700173
040 _aUA-OsUOA
_bukr
_cUA-OsUOA
_dUA-OsUOA
041 _aukr
080 _a004.42:33
090 _a004.42:33
_bБ60
100 _aБиков І. Ю.
245 _aMicrosoft Office в задачах економіки та управління
_bнавчальний посібник
260 _aК.
_bПрофесіонал
_c2006
300 _a264 с.
650 7 _a00 Загальні питання науки і культури
_2UDC
700 _aЖирнов М. В.
700 _aХудякова І. М.
942 _cBK
_2udc
955 _a2